Climi del mondo - Mappa dei quiz - Statistics

Statistiche generali
  • Questo quiz è stato fatto 111 volte
  • Il punteggio medio è 6 su 8
Risposte nella Mappa
Le risposte nella mappa del quiz sottostante sono codificate secondo una scala di colori dal rosso al verde in base alla % di persone che hanno risposto correttamente.
 
Statistiche sulle risposte
Risposta % Corretto
polare
87%
mediterraneo
85%
equatoriale
79%
di montagna
78%
arido
69%
continentale
67%
tropicale
57%
oceanico
55%
Nessun quiz corrispondente trovato
Distribuzione punteggi
Percentuale di utenti per punteggio
Percentile per numero di risposta
I tuoi punteggi nel tempo
Non hai fatto questo quiz